EDI šetrí čas a znižuje chybovosť

EDI (elektronická výmena dát) vo svete e-commerce. Hlavné výhody využívania EDI. Najvýraznejšie trendy v oblasti dodávateľsko-odberateľských vzťahov.

Na minha lista:
Detalhes bibliográficos
Autor principal: Szmrecsányi, Tomáš
Formato: Capítulo de Livro
Idioma:eslovaco
Assuntos:
Tags: Adicionar Tag
Sem tags, seja o primeiro a adicionar uma tag!

MARC

LEADER 00000naa a2200000 4500
001 0278301
005 20210906134830.5
041 0 |a slo 
044 |a CZ 
245 1 0 |a EDI šetrí čas a znižuje chybovosť  |c Tomáš Szmrecsányi 
520 |a EDI (elektronická výmena dát) vo svete e-commerce. Hlavné výhody využívania EDI. Najvýraznejšie trendy v oblasti dodávateľsko-odberateľských vzťahov. 
610 2 0 |a obchod elektronický 
610 2 0 |a výmena informácií 
610 2 0 |a logistika elektronická 
610 2 0 |a technológie informačné 
610 2 0 |a reťazce dodávateľsko-odberateľské 
610 2 0 |a automatizácia 
100 1 |a Szmrecsányi, Tomáš